000 00773nam a2200229 a 4500
001 000027238
005 20240409073641.0
008 110330t1957 nyuac r 001 0 eng d
040 _aDO-SdBNP
_bspa
_cBNPHU
041 0 7 _aeng
082 _a923.17293
_bT866n
100 1 _aNanita, Abelardo R.
_945855
245 1 0 _aTrujillo :
_bthe biography of a great leader /
_cAbelardo R. Nanita ; introducción de Rafael Vidal.
250 _a[1ª ed. inglés]
260 _aNew York :
_bVantage Press,
_c1957.
300 _a222 p. :
_bil., retrs. ;
_c21 cm.
504 _aBibliografía : p. 215-216.
546 _aInglés
600 1 0 _aTrujillo Molina, Rafael Leónidas,
_d 1891-1961
_976764
700 1 _aVidal, Rafael,
_eintrod.
_92400
910 _aValidado. Control de calidad. EMS
999 _c26730
_d26730